02070nam a2200577 a 450000100080000000500110000800800410001902200140006010000200007424500750009426000510016930000090022049000530022952005210028265000190080365000190082265000170084165000180085865000200087665000250089665000260092165000190094765000130096665000250097965000180100465000150102265300060103765300060104365300060104965300090105565300240106465300240108865300110111265300230112365300200114665300330116665300130119965300270121265300230123965300210126265300250128365300210130865300280132965300220135765300170137965300130139665300160140965300280142565300190145370000200147214923932025-09-08 1980 bl uuuu u0uu1 u #d a0101-49351 aVALENTIM, J. F. aFormação, recuperação, melhoramento e manejo de pastagens no Acre. aRio Branco, AC: Embrapa-UEPAE Rio Brancoc1980 a6 p. a(Embrapa-UEPAE Rio Branco. Pesquisa em foco, 1). aO projeto de pesquisa bovina desenvolvido pela Embrapa, através da UEPAE-Rio Branco, tem orientado suas atividades visando equacionar os principais fatores limitantes da produção de carne e leite nos solos ácidos e de baixa fertilidade do Estado, com o desenvolvimento e adaptação de tecnologias de baixo custo. Uma vez alcançados estes objetivos, advirão algumas importantes contribuições para o prolongamento da longevidade produtiva das pastagens, bem como para a elevação da produtividade do rebanho. aForage grasses aForage legumes aForage yield aIntercropping aSoil management aGramínea Forrageira aLeguminosa Forrageira aManejo do Solo aPastagem aPastagem Consorciada aProdutividade aRendimento a1 a2 a3 aAcre aAmazonia Occidental aAmazônia Ocidental aBrasil aCultivo intercalar aFazenda Niteroy aFazenda Santo Antônio e Cia aFormacao aLeguminosas forrajeras aManejo de pastagem aManejo del suelo aPastagens formação aPastagens-Manejo aPastagens-Recuperação aPastos forrajeros aPolamazônia aPropasto aRecuperacao aRendimiento del forraje aWestern Amazon1 aCOSTA, A. L. da